[Event "34. Open Internacional de Andorra 2016"]
[Site "Andorra AND"]
[Date "2016.08.03"]
[Round "1.25"]
[White "Perche, Louis"]
[Black "Aubry, Yannis"]
[Result "0-1"]
[WhiteElo "1803"]
[BlackElo "2269"]
[PlyCount "56"]
[EventDate "2016.08.03"]
[EventType "swiss"]
[EventRounds "9"]
[EventCountry "AND"]
[SourceTitle "Ajedrez en Madrid"]
[Source "lmi"]
[SourceDate "2016.08.03"]
[SourceVersion "1"]
[SourceVersionDate "2018.03.01"]
[SourceQuality "1"]

1. e4 c5 2. Nf3 e6 3. d4 cxd4 4. Nxd4 Nf6 5. Nc3 Nc6 6. Be3 Bb4 7. Bd3 d5 8.
Bb5 Bd7 9. Bxc6 bxc6 10. e5 Ne4 11. Nde2 O-O 12. O-O Nxc3 13. Nxc3 Be7 14. Na4
Qa5 15. Qd4 Rfb8 16. b3 Rb5 17. Bd2 c5 18. Qd3 Qc7 19. Nc3 Rb7 20. Rfe1 c4 21.
Qg3 Rc8 22. Rac1 Kh8 23. Ne2 Ba3 24. Rb1 cxb3 25. Rxb3 Rxb3 26. Qxb3 Qxc2 27.
Qxa3 Qxd2 28. Kf1 Bb5 0-1

[Event "34. Open Internacional de Andorra 2016"]
[Site "Andorra AND"]
[Date "2016.08.04"]
[Round "2.1"]
[White "Granda Zuniga, Julio E"]
[Black "Leiro Giralt, Daniel"]
[Result "1-0"]
[WhiteElo "2672"]
[BlackElo "2199"]
[PlyCount "67"]
[EventDate "2016.08.03"]
[EventType "swiss"]
[EventRounds "9"]
[EventCountry "AND"]
[SourceTitle "Ajedrez en Madrid"]
[Source "lmi"]
[SourceDate "2016.08.03"]
[SourceVersion "1"]
[SourceVersionDate "2018.03.01"]
[SourceQuality "1"]

1. d4 d5 2. c3 Nf6 3. Bf4 c6 4. Nd2 Qb6 5. Qb3 Bf5 6. f3 h6 7. g4 Bg6 8. h4 e6
9. Nh3 c5 10. e3 Nc6 11. Bg2 Be7 12. Bg3 Nd7 13. Nf4 Bh7 14. Kf2 cxd4 15. exd4
Rc8 16. Bf1 O-O 17. Bd3 Bxd3 18. Qxb6 Nxb6 19. Nxd3 Na5 20. Nb3 Nbc4 21. Rae1
b6 22. Bf4 Kh7 23. Nbc1 Nb7 24. Ne2 Bd6 25. Bc1 b5 26. Nef4 g6 27. Nh3 a5 28.
h5 g5 29. f4 gxf4 30. g5 hxg5 31. Nxg5+ Kh6 32. Rhg1 Ne3 33. Kf3 Rg8 34. Nxf7+
1-0

[Event "34. Open Internacional de Andorra 2016"]
[Site "Andorra AND"]
[Date "2016.08.04"]
[Round "2.2"]
[White "Vovk, Andriy"]
[Black "Merenciano, Alexandre"]
[Result "1-0"]
[WhiteElo "2637"]
[BlackElo "2197"]
[PlyCount "65"]
[EventDate "2016.08.03"]
[EventType "swiss"]
[EventRounds "9"]
[EventCountry "AND"]
[SourceTitle "Ajedrez en Madrid"]
[Source "lmi"]
[SourceDate "2016.08.03"]
[SourceVersion "1"]
[SourceVersionDate "2018.03.01"]
[SourceQuality "1"]

1. d4 Nf6 2. c4 c5 3. d5 b5 4. cxb5 a6 5. bxa6 g6 6. Nc3 Bxa6 7. e4 Bxf1 8.
Kxf1 d6 9. Nf3 Bg7 10. g3 Nbd7 11. Kg2 O-O 12. a4 Qb6 13. Qc2 Rfb8 14. Nb5 Ne8
15. Bd2 Nc7 16. Nxc7 Qxc7 17. Rab1 Qa7 18. a5 Rb5 19. b3 Rab8 20. Qc4 R8b7 21.
Rhc1 Nb8 22. Ne1 Nd7 23. f4 Qb8 24. Qa4 f5 25. exf5 gxf5 26. Nc2 Nf6 27. Ne3
Rxb3 28. Rxb3 Rxb3 29. Rc2 Nxd5 30. Nxf5 Rb1 31. Qe4 Qb7 32. Kh3 e5 33. Qxd5+
1-0

[Event "34. Open Internacional de Andorra 2016"]
[Site "Andorra AND"]
[Date "2016.08.04"]
[Round "2.3"]
[White "Marzano, Carlo"]
[Black "Banusz, Tamas"]
[Result "0-1"]
[WhiteElo "2199"]
[BlackElo "2616"]
[PlyCount "70"]
[EventDate "2016.08.03"]
[EventType "swiss"]
[EventRounds "9"]
[EventCountry "AND"]
[SourceTitle "Ajedrez en Madrid"]
[Source "lmi"]
[SourceDate "2016.08.03"]
[SourceVersion "1"]
[SourceVersionDate "2018.03.01"]
[SourceQuality "1"]

1. d4 d5 2. Bf4 Nf6 3. e3 c5 4. c3 Nc6 5. Nd2 e6 6. Ngf3 Bd6 7. Bg3 O-O 8. Bd3
Re8 9. Ne5 Qe7 10. O-O Nd7 11. Nxd7 Bxd7 12. Bxd6 Qxd6 13. dxc5 Qxc5 14. Bxh7+
Kxh7 15. Qh5+ Kg8 16. Ne4 Qe7 17. Ng5 Qf6 18. f4 Qg6 19. Qh4 f6 20. Nh3 Ne7 21.
Rf3 Nf5 22. Qf2 Bc6 23. Re1 Nd6 24. f5 Nxf5 25. Nf4 Qf7 26. g4 Nh6 27. Qh4 e5
28. Nh5 Qg6 29. h3 Qg5 30. Qg3 d4 31. e4 dxc3 32. bxc3 Rad8 33. h4 Qxg4 34.
Qxg4 Nxg4 35. Rg3 Bd7 0-1

[Event "34. Open Internacional de Andorra 2016"]
[Site "Andorra AND"]
[Date "2016.08.04"]
[Round "2.4"]
[White "Prohaszka, Peter"]
[Black "Llaneza Vega, Patricia"]
[Result "1/2-1/2"]
[WhiteElo "2604"]
[BlackElo "2158"]
[PlyCount "138"]
[EventDate "2016.08.03"]
[EventType "swiss"]
[EventRounds "9"]
[EventCountry "AND"]
[SourceTitle "Ajedrez en Madrid"]
[Source "lmi"]
[SourceDate "2016.08.03"]
[SourceVersion "1"]
[SourceVersionDate "2018.03.01"]
[SourceQuality "1"]

1. d4 Nf6 2. c4 g6 3. Nf3 Bg7 4. g3 O-O 5. Bg2 d6 6. Nc3 Nc6 7. O-O a6 8. Bf4
Rb8 9. Rc1 Bd7 10. Qd2 b5 11. Nd5 bxc4 12. Nxf6+ Bxf6 13. Rxc4 e5 14. Bh6 Re8
15. dxe5 Nxe5 16. Nxe5 Bxe5 17. b3 Bb5 18. Rc2 c5 19. Rd1 a5 20. Bd5 a4 21. Bf4
Qf6 22. Bxe5 Qxe5 23. e3 Bd7 24. Rc4 axb3 25. Re4 Qg7 26. Rxe8+ Rxe8 27. Bxb3
Bg4 28. Rb1 Qf6 29. Bd5 Be6 30. Bc6 Rd8 31. Rc1 Bf5 32. Bd5 Rb8 33. Qe2 Be6 34.
Bxe6 Qxe6 35. a4 Qb3 36. Qd2 Rb6 37. a5 Ra6 38. Ra1 Qb4 39. Qxb4 cxb4 40. Kg2
h5 41. Kf3 b3 42. Ke4 b2 43. Rb1 Rxa5 44. Rxb2 Kf8 45. Rb7 Ra2 46. Kf3 Kg7 47.
h3 Kf6 48. g4 hxg4+ 49. hxg4 Ke6 50. Kg3 Ra1 51. Kf4 Ra4+ 52. Kg3 Ra1 53. Rb4
f5 54. Kf4 fxg4 55. Kg5 Rg1 56. Rxg4 Rxg4+ 57. Kxg4 Ke5 58. f3 Kf6 59. e4 Ke6
60. Kf4 Kf6 61. Kg4 Ke6 62. Kg5 Kf7 63. Kh6 Kf6 64. f4 Kf7 65. Kg5 Kg7 66. e5
dxe5 67. fxe5 Kf7 68. Kh6 Ke6 69. Kxg6 Kxe5 1/2-1/2

[Event "34. Open Internacional de Andorra 2016"]
[Site "Andorra AND"]
[Date "2016.08.04"]
[Round "2.5"]
[White "Bilquez, Romain"]
[Black "Cori, Jorge"]
[Result "0-1"]
[WhiteElo "2183"]
[BlackElo "2601"]
[PlyCount "52"]
[EventDate "2016.08.03"]
[EventType "swiss"]
[EventRounds "9"]
[EventCountry "AND"]
[SourceTitle "Ajedrez en Madrid"]
[Source "lmi"]
[SourceDate "2016.08.03"]
[SourceVersion "1"]
[SourceVersionDate "2018.03.01"]
[SourceQuality "1"]

1. e4 e6 2. Nf3 d5 3. e5 c5 4. b4 cxb4 5. a3 Bd7 6. d4 Nc6 7. axb4 Bxb4+ 8. c3
Be7 9. Bd3 Na5 10. O-O a6 11. h4 Nc4 12. Ng5 Qc7 13. Qh5 Bxg5 14. Qxg5 g6 15.
h5 Bb5 16. Qh4 gxh5 17. Bg5 Na3 18. Bxb5+ Nxb5 19. Na3 Nxc3 20. Qxh5 Rc8 21.
Rfc1 b5 22. Nxb5 axb5 23. Rxc3 Qxc3 24. Ra7 Qe1+ 25. Kh2 Qxf2 26. Bf6 Qf4+ 0-1

[Event "34. Open Internacional de Andorra 2016"]
[Site "Andorra AND"]
[Date "2016.08.04"]
[Round "2.6"]
[White "Lagarde, Maxime"]
[Black "Sanchez Dengra, Jose Maria"]
[Result "1-0"]
[WhiteElo "2572"]
[BlackElo "2152"]
[PlyCount "33"]
[EventDate "2016.08.03"]
[EventType "swiss"]
[EventRounds "9"]
[EventCountry "AND"]
[SourceTitle "Ajedrez en Madrid"]
[Source "lmi"]
[SourceDate "2016.08.03"]
[SourceVersion "1"]
[SourceVersionDate "2018.03.01"]
[SourceQuality "1"]

1. b3 e5 2. Bb2 Nc6 3. e3 Nf6 4. Bb5 Bd6 5. Ne2 a6 6. Bxc6 dxc6 7. d3 O-O 8.
Nd2 Qe7 9. e4 Nh5 10. Ng3 Nf4 11. O-O Qf6 12. Nc4 Qg5 13. d4 exd4 14. Nxd6 cxd6
15. Bxd4 h5 16. Be3 Re8 17. Qf3 1-0

[Event "34. Open Internacional de Andorra 2016"]
[Site "Andorra AND"]
[Date "2016.08.04"]
[Round "2.7"]
[White "Orteu Capdevila, Max"]
[Black "Demuth, Adrien"]
[Result "0-1"]
[WhiteElo "2147"]
[BlackElo "2545"]
[PlyCount "94"]
[EventDate "2016.08.03"]
[EventType "swiss"]
[EventRounds "9"]
[EventCountry "AND"]
[SourceTitle "Ajedrez en Madrid"]
[Source "lmi"]
[SourceDate "2016.08.03"]
[SourceVersion "1"]
[SourceVersionDate "2018.03.01"]
[SourceQuality "1"]

1. e4 e5 2. Nf3 Nc6 3. Bb5 a6 4. Ba4 g6 5. c3 Bg7 6. d4 exd4 7. cxd4 b5 8. Bb3
Nge7 9. d5 Na5 10. Bd2 c5 11. Bc3 O-O 12. Bxg7 Kxg7 13. Bc2 d6 14. b3 f5 15.
exf5 Bxf5 16. Bxf5 Rxf5 17. Nc3 b4 18. Ne4 Nxd5 19. Ng3 Qe7+ 20. Kf1 Re5 21.
Nxe5 Qxe5 22. Qe1 Re8 23. Qxe5+ Rxe5 24. Ne2 Nc6 25. h4 Kf6 26. f3 Ne3+ 27. Kf2
Nxg2 28. Ng3 Nf4 29. Ne4+ Ke7 30. a3 Nd4 31. axb4 Nd3+ 32. Kg2 Nxb4 33. Ra3 Rf5
34. Nd2 Kd7 35. Raa1 Rd5 36. Nc4 Kc6 37. Rab1 Rf5 38. Nd2 Nbc2 39. Rb2 Re5 40.
Nc4 Re2+ 41. Kg3 d5 42. Na5+ Kb6 43. Ra2 Nf5+ 44. Kh3 Ncd4 45. Rxe2 Nxe2 46.
Ra1 h5 47. Ra4 Ned4 0-1

[Event "34. Open Internacional de Andorra 2016"]
[Site "Andorra AND"]
[Date "2016.08.04"]
[Round "2.8"]
[White "Glud, Jakob Vang"]
[Black "Cantin, Loic"]
[Result "1-0"]
[WhiteElo "2532"]
[BlackElo "2146"]
[PlyCount "79"]
[EventDate "2016.08.03"]
[EventType "swiss"]
[EventRounds "9"]
[EventCountry "AND"]
[SourceTitle "Ajedrez en Madrid"]
[Source "lmi"]
[SourceDate "2016.08.03"]
[SourceVersion "1"]
[SourceVersionDate "2018.03.01"]
[SourceQuality "1"]

1. c4 Nf6 2. g3 c6 3. Nf3 d5 4. Bg2 Bf5 5. cxd5 cxd5 6. Qb3 Nc6 7. d3 e5 8. Bg5
Bb4+ 9. Nc3 e4 10. dxe4 dxe4 11. Ne5 Qe7 12. Nxc6 bxc6 13. O-O O-O 14. Qc4 Rfe8
15. Bxf6 gxf6 16. e3 Qc5 17. Qxc5 Bxc5 18. Rfd1 a5 19. Na4 Ba7 20. Rac1 Rad8
21. Nc3 Bb6 22. Rxd8 Bxd8 23. Ne2 Bg4 24. Nd4 Bb6 25. Nxc6 Kg7 26. Rc4 Be2 27.
Rxe4 Rc8 28. Re7 Ba6 29. Bd5 Rc7 30. Rxc7 Bxc7 31. Nd4 Bc8 32. f4 f5 33. Kf2
Bb6 34. Ke2 Ba6+ 35. Kd2 Kf6 36. Kc3 Bc5 37. a3 Bf1 38. Bc4 Bg2 39. Bd3 Bd5 40.
Nxf5 1-0

[Event "34. Open Internacional de Andorra 2016"]
[Site "Andorra AND"]
[Date "2016.08.04"]
[Round "2.9"]
[White "Malassagne, Isabelle"]
[Black "Kogan, Arthur"]
[Result "1/2-1/2"]
[WhiteElo "2140"]
[BlackElo "2530"]
[PlyCount "215"]
[EventDate "2016.08.03"]
[EventType "swiss"]
[EventRounds "9"]
[EventCountry "AND"]
[SourceTitle "Ajedrez en Madrid"]
[Source "lmi"]
[SourceDate "2016.08.03"]
[SourceVersion "1"]
[SourceVersionDate "2018.03.01"]
[SourceQuality "1"]

1. e4 e6 2. d4 d5 3. Nc3 Bb4 4. e5 c5 5. a3 Bxc3+ 6. bxc3 Qa5 7. Bd2 Qa4 8. Qb1
c4 9. h4 f6 10. Qd1 Nc6 11. h5 fxe5 12. Qg4 Nge7 13. Qxg7 Rg8 14. Qxh7 Bd7 15.
Nf3 exd4 16. Nxd4 O-O-O 17. Nxc6 Nxc6 18. h6 Rdf8 19. Rh5 Qb5 20. O-O-O Qc5 21.
Kb2 Qb6+ 22. Ka2 Qxf2 23. Rh3 Rh8 24. Qg7 Rfg8 25. Rf3 Qh4 26. Qf6 Qe4 27. Kb2
e5 28. Re1 Qh7 29. Qf7 e4 30. Qxh7 Rxh7 31. Rf6 Ne5 32. Bf4 Nf7 33. Be2 Rxg2
34. Bh5 Nd8 35. Bg6 Rh8 36. Bf5 Rf2 37. Bxd7+ Kxd7 38. Rd6+ Ke7 39. Be5 Rh7 40.
Rxd5 Rxh6 41. Bd4 Rg2 42. Rxe4+ Ne6 43. Rde5 Kd7 44. Re2 Rxe2 45. Rxe2 b6 46.
a4 Kc6 47. Re5 a6 48. Ka3 Nd8 49. Rf5 Nb7 50. Rg5 Nd6 51. Kb2 Re6 52. a5 bxa5
53. Rxa5 Kb7 54. Rc5 Re2 55. Rd5 Nc8 56. Rh5 Re6 57. Ka3 Nd6 58. Kb2 Nb5 59.
Rc5 Rc6 60. Rd5 Rc7 61. Bc5 Rf7 62. Bd4 Rh7 63. Rc5 Rc7 64. Rd5 Kc6 65. Rc5+
Kd6 66. Rxc7 Kxc7 67. Bg1 Kc6 68. Bf2 Kd5 69. Bb6 Ke4 70. Bd8 Ke3 71. Bg5+ Ke2
72. Bd8 Kd2 73. Bg5+ Kd1 74. Bd8 Na7 75. Bb6 Nc6 76. Bd4 Ne7 77. Bh8 Nd5 78.
Bd4 Nf4 79. Be3 Ng2 80. Bf2 Kd2 81. Bg3 a5 82. Be5 Ne1 83. Ka3 Kxc2 84. Ka4 Nd3
85. Bg7 Nf4 86. Kxa5 Kb3 87. Kb5 Nd5 88. Kc5 Nxc3 89. Kd4 Nd1 90. Ke4 Kc2 91.
Bh8 Kd2 92. Bg7 Nf2+ 93. Kf3 Nd3 94. Ke4 Ne1 95. Bh6+ Kc2 96. Bg7 Nd3 97. Bh8
Kb3 98. Ke3 Nc5 99. Kd2 Ne4+ 100. Kc1 Ng5 101. Kd2 Nf7 102. Bg7 Nd6 103. Bh8
Kb4 104. Kc2 Nf5 105. Kb2 Kc5 106. Kc3 Kd5 107. Bf6 Ng3 108. Bh8 1/2-1/2

[Event "34. Open Internacional de Andorra 2016"]
[Site "Andorra AND"]
[Date "2016.08.04"]
[Round "2.10"]
[White "Aloma Vidal, Robert"]
[Black "Trouve, Guillaume"]
[Result "1-0"]
[WhiteElo "2475"]
[BlackElo "2142"]
[PlyCount "67"]
[EventDate "2016.08.03"]
[EventType "swiss"]
[EventRounds "9"]
[EventCountry "AND"]
[SourceTitle "Ajedrez en Madrid"]
[Source "lmi"]
[SourceDate "2016.08.03"]
[SourceVersion "1"]
[SourceVersionDate "2018.03.01"]
[SourceQuality "1"]

1. d4 Nf6 2. Nf3 e6 3. e3 b6 4. Bd3 Bb7 5. O-O Be7 6. c4 O-O 7. Nc3 d5 8. b3
Nbd7 9. Bb2 Ne4 10. Ne2 c5 11. cxd5 exd5 12. Nf4 Rc8 13. Ne5 Nxe5 14. dxe5 c4
15. Bxe4 dxe4 16. bxc4 Rxc4 17. Qg4 Rc2 18. Nh5 g6 19. Bd4 Qc8 20. Qg3 Bc5 21.
Nf6+ Kg7 22. Qh4 h6 23. a4 Bxd4 24. exd4 e3 25. Ng4 exf2+ 26. Rxf2 h5 27. Qf6+
Kh7 28. Ne3 Rxf2 29. Qxf2 Qc3 30. Rd1 Bc6 31. e6 Qb4 32. Rf1 Qd6 33. Qf6 Bd5
34. e7 1-0

[Event "34. Open Internacional de Andorra 2016"]
[Site "Andorra AND"]
[Date "2016.08.04"]
[Round "2.11"]
[White "Rayne, Remy"]
[Black "Bekker-Jensen, Simon"]
[Result "0-1"]
[WhiteElo "2137"]
[BlackElo "2456"]
[PlyCount "46"]
[EventDate "2016.08.03"]
[EventType "swiss"]
[EventRounds "9"]
[EventCountry "AND"]
[SourceTitle "Ajedrez en Madrid"]
[Source "lmi"]
[SourceDate "2016.08.03"]
[SourceVersion "1"]
[SourceVersionDate "2018.03.01"]
[SourceQuality "1"]

1. d4 Nf6 2. c4 g6 3. Nc3 Bg7 4. e4 d6 5. Be2 O-O 6. h4 c5 7. d5 h5 8. Be3 a6
9. Nf3 b5 10. cxb5 axb5 11. Bxb5 Nxe4 12. Nxe4 Qa5+ 13. Nc3 Bxc3+ 14. bxc3 Qxb5
15. Nd2 Qd3 16. c4 Bg4 17. Nf3 Qc3+ 18. Bd2 Qxc4 19. Qe2 Qxd5 20. Bh6 Re8 21.
Qb2 e5 22. O-O Bxf3 23. gxf3 Qxf3 0-1

[Event "34. Open Internacional de Andorra 2016"]
[Site "Andorra AND"]
[Date "2016.08.04"]
[Round "2.12"]
[White "Collins, Sam E"]
[Black "Aizpurua Blanco, Juan Antonio"]
[Result "1-0"]
[WhiteElo "2448"]
[BlackElo "2140"]
[PlyCount "84"]
[EventDate "2016.08.03"]
[EventType "swiss"]
[EventRounds "9"]
[EventCountry "AND"]
[SourceTitle "Ajedrez en Madrid"]
[Source "lmi"]
[SourceDate "2016.08.03"]
[SourceVersion "1"]
[SourceVersionDate "2018.03.01"]
[SourceQuality "1"]

1. Nf3 Nf6 2. c4 e6 3. g3 b6 4. Bg2 Bb7 5. O-O Be7 6. Nc3 O-O 7. Re1 d6 8. e4
Nbd7 9. d4 e5 10. h3 c6 11. Be3 Qc7 12. Rc1 Rfd8 13. a3 a5 14. b3 Ba6 15. Bf1
Nf8 16. d5 c5 17. Qc2 Nh5 18. Kh2 Qd7 19. b4 axb4 20. axb4 Rdb8 21. Rb1 Bc8 22.
Rb3 Qd8 23. Reb1 Nd7 24. Be2 Nhf6 25. Ne1 Ba6 26. f3 Qc7 27. Nb5 Bxb5 28. cxb5
Ra7 29. Rc3 Rba8 30. Nd3 Ra2 31. Rb2 Qa7 32. bxc5 dxc5 33. Bc1 Ne8 34. Rxa2
Qxa2 35. Bb2 Nd6 36. Nc1 Qa5 37. Ra3 Qxa3 38. Bxa3 Rxa3 39. Nb3 g6 40. h4 Nf6
41. Qb2 Ra7 42. Qxe5 Kf8 1-0

[Event "34. Open Internacional de Andorra 2016"]
[Site "Andorra AND"]
[Date "2016.08.04"]
[Round "2.13"]
[White "Birnbaum, Detlev"]
[Black "Barbot, Pierre"]
[Result "0-1"]
[WhiteElo "2130"]
[BlackElo "2444"]
[PlyCount "46"]
[EventDate "2016.08.03"]
[EventType "swiss"]
[EventRounds "9"]
[EventCountry "AND"]
[SourceTitle "Ajedrez en Madrid"]
[Source "lmi"]
[SourceDate "2016.08.03"]
[SourceVersion "1"]
[SourceVersionDate "2018.03.01"]
[SourceQuality "1"]

1. d4 Nf6 2. c4 e6 3. Nf3 Bb4+ 4. Bd2 Qe7 5. Nc3 O-O 6. g3 d5 7. Bg2 dxc4 8.
Ne5 c5 9. Bg5 Rd8 10. e3 cxd4 11. exd4 Nc6 12. Bxc6 bxc6 13. O-O Bb7 14. Bxf6
Qxf6 15. Qg4 c5 16. Ne4 Qe7 17. Nxc5 Bxc5 18. dxc5 Qxc5 19. Qh5 Qc7 20. Rad1 f6
21. Rxd8+ Rxd8 22. Ng4 Qc6 23. f3 Rd5 0-1

[Event "34. Open Internacional de Andorra 2016"]
[Site "Andorra AND"]
[Date "2016.08.04"]
[Round "2.14"]
[White "Antoli Royo, Joaquin Miguel"]
[Black "Monpeurt, Cyrielle"]
[Result "1-0"]
[WhiteElo "2432"]
[BlackElo "2136"]
[PlyCount "105"]
[EventDate "2016.08.03"]
[EventType "swiss"]
[EventRounds "9"]
[EventCountry "AND"]
[SourceTitle "Ajedrez en Madrid"]
[Source "lmi"]
[SourceDate "2016.08.03"]
[SourceVersion "1"]
[SourceVersionDate "2018.03.01"]
[SourceQuality "1"]

1. c4 c6 2. e4 d5 3. cxd5 cxd5 4. exd5 Nf6 5. Nc3 Nxd5 6. Nf3 e6 7. d4 Bb4 8.
Bd2 O-O 9. Bd3 Nc6 10. O-O h6 11. Qe2 Qa5 12. Rac1 Rd8 13. Rfd1 Nf6 14. Bb1
Nxd4 15. Nxd4 Rxd4 16. a3 Be7 17. Nb5 Rxd2 18. Rxd2 Bd7 19. Nd4 Rd8 20. Nf3 Bc6
21. Rxd8+ Qxd8 22. Ne5 Bd5 23. Qc2 Bd6 24. Qc8 Qf8 25. Qxf8+ Kxf8 26. Nc4 Bf4
27. Rc3 Ke7 28. Bd3 Nd7 29. Bf1 Bb8 30. g3 Ne5 31. Ne3 Nf3+ 32. Kh1 Ne5+ 33.
Nxd5+ exd5 34. f4 Nc6 35. Ba6 d4 36. Rc2 Na5 37. Bd3 Nc6 38. Be4 Kd6 39. Kg2
Bc7 40. Kf3 Bb6 41. Bxc6 bxc6 42. Ke4 c5 43. Kd3 Kd5 44. b3 Ke6 45. Re2+ Kf5
46. h3 g5 47. Rf2 gxf4 48. Rxf4+ Kg6 49. g4 f6 50. Rf5 Kf7 51. Kc4 Kg6 52. Kb5
Kf7 53. a4 1-0

[Event "34. Open Internacional de Andorra 2016"]
[Site "Andorra AND"]
[Date "2016.08.04"]
[Round "2.15"]
[White "Bas Mas, Miguel"]
[Black "Jerez Perez, Alfonso"]
[Result "0-1"]
[WhiteElo "2123"]
[BlackElo "2386"]
[PlyCount "66"]
[EventDate "2016.08.03"]
[EventType "swiss"]
[EventRounds "9"]
[EventCountry "AND"]
[SourceTitle "Ajedrez en Madrid"]
[Source "lmi"]
[SourceDate "2016.08.03"]
[SourceVersion "1"]
[SourceVersionDate "2018.03.01"]
[SourceQuality "1"]

1. e4 c5 2. Nc3 e6 3. d3 d5 4. g3 dxe4 5. Nxe4 Nc6 6. Bg2 Nf6 7. Ne2 Be7 8. O-O
O-O 9. N2c3 Nd5 10. Re1 Nd4 11. Nxd5 exd5 12. Nc3 Be6 13. Bf4 Qd7 14. Qd2 Rfe8
15. Ne2 Nc6 16. d4 Bf6 17. dxc5 Bxb2 18. Rab1 Bf6 19. Bd6 d4 20. a3 b6 21. Nf4
bxc5 22. Bxc5 Bg5 23. a4 Rac8 24. Ba3 Bf5 25. h4 Bxf4 26. gxf4 h6 27. Kh2 Rcd8
28. Bh1 Re6 29. a5 Rde8 30. Rxe6 Rxe6 31. a6 Qd8 32. Kg3 Rg6+ 33. Kf3 Qd5+ 0-1

[Event "34. Open Internacional de Andorra 2016"]
[Site "Andorra AND"]
[Date "2016.08.04"]
[Round "2.16"]
[White "Trepat Herranz, Joan"]
[Black "Malassagne, Raphael"]
[Result "1/2-1/2"]
[WhiteElo "2360"]
[BlackElo "2129"]
[PlyCount "50"]
[EventDate "2016.08.03"]
[EventType "swiss"]
[EventRounds "9"]
[EventCountry "AND"]
[SourceTitle "Ajedrez en Madrid"]
[Source "lmi"]
[SourceDate "2016.08.03"]
[SourceVersion "1"]
[SourceVersionDate "2018.03.01"]
[SourceQuality "1"]

1. d4 Nf6 2. Nf3 g6 3. Nbd2 d5 4. b4 a5 5. b5 a4 6. Ba3 Bg7 7. e3 Bg4 8. h3
Bxf3 9. Qxf3 O-O 10. c4 Re8 11. cxd5 Qxd5 12. Bc4 Qxf3 13. Nxf3 Nbd7 14. O-O e6
15. Rac1 Rec8 16. Rc2 c5 17. Rfc1 cxd4 18. Nxd4 Bf8 19. Bxf8 Kxf8 20. Be2 Nb6
21. Bd1 Rxc2 22. Rxc2 Rd8 23. Rc1 Nfd5 24. a3 e5 25. Nf3 Nc3 1/2-1/2

[Event "34. Open Internacional de Andorra 2016"]
[Site "Andorra AND"]
[Date "2016.08.04"]
[Round "2.17"]
[White "Veganzones Rojo, David"]
[Black "Pein, Malcolm"]
[Result "1/2-1/2"]
[WhiteElo "2120"]
[BlackElo "2357"]
[PlyCount "74"]
[EventDate "2016.08.03"]
[EventType "swiss"]
[EventRounds "9"]
[EventCountry "AND"]
[SourceTitle "Ajedrez en Madrid"]
[Source "lmi"]
[SourceDate "2016.08.03"]
[SourceVersion "1"]
[SourceVersionDate "2018.03.01"]
[SourceQuality "1"]

1. d4 d6 2. Nf3 Nf6 3. c4 g6 4. g3 Bg7 5. Bg2 O-O 6. O-O c5 7. d5 b5 8. cxb5 a6
9. bxa6 Nbd7 10. Nc3 Qa5 11. Bd2 Qxa6 12. Re1 Ng4 13. Qc2 Qb6 14. h3 Nge5 15.
Nxe5 Nxe5 16. Na4 Qa7 17. b3 c4 18. Bc3 Bd7 19. Rac1 Bxa4 20. bxa4 Qxa4 21.
Bxe5 Bxe5 22. Qxc4 Qxa2 23. Qxa2 Rxa2 24. Rc7 Bf6 25. Bf3 Rb8 26. Rec1 Kg7 27.
h4 h6 28. Rc8 Rxc8 29. Rxc8 Bd4 30. Rc4 Bc5 31. Re4 Kf8 32. Kg2 Rd2 33. Ra4 Bd4
34. h5 g5 35. Ra8+ Kg7 36. Re8 Bf6 37. g4 Ra2 1/2-1/2

[Event "34. Open Internacional de Andorra 2016"]
[Site "Andorra AND"]
[Date "2016.08.04"]
[Round "2.18"]
[White "Aranda Marin, Cristian"]
[Black "Ronce, Nathan"]
[Result "1-0"]
[WhiteElo "2350"]
[BlackElo "2122"]
[PlyCount "85"]
[EventDate "2016.08.03"]
[EventType "swiss"]
[EventRounds "9"]
[EventCountry "AND"]
[SourceTitle "Ajedrez en Madrid"]
[Source "lmi"]
[SourceDate "2016.08.03"]
[SourceVersion "1"]
[SourceVersionDate "2018.03.01"]
[SourceQuality "1"]

1. d4 d5 2. Nc3 Nf6 3. Bg5 c6 4. Qd3 Qa5 5. a3 Nbd7 6. Nf3 e6 7. Bd2 Qc7 8. e4
a6 9. g3 b5 10. Bg2 Bb7 11. Bf4 Qb6 12. Ne5 Be7 13. O-O dxe4 14. Nxd7 Nxd7 15.
Nxe4 O-O-O 16. Bd6 Rhe8 17. Qe3 f5 18. Bxe7 Rxe7 19. Nd6+ Kb8 20. Nxf5 Rf7 21.
Nd6 Re7 22. a4 Nf6 23. Qe5 Nd7 24. Qg5 Nf6 25. Nxb7 Kxb7 26. axb5 axb5 27. c3
Red7 28. Rfe1 Re8 29. Re5 h6 30. Qg6 Ree7 31. Rae1 Rd6 32. Bh3 Qa6 33. Qb1 b4
34. Bxe6 Rc7 35. Bh3 Nd5 36. Bg2 Qc4 37. Bf1 Qb3 38. Qa1 c5 39. dxc5 Rxc5 40.
c4 Rxc4 41. Rxd5 Rxd5 42. Re7+ Kc6 43. Qa6+ 1-0

[Event "34. Open Internacional de Andorra 2016"]
[Site "Andorra AND"]
[Date "2016.08.04"]
[Round "2.19"]
[White "Da Silva, Quentin"]
[Black "Sowray, Peter J"]
[Result "0-1"]
[WhiteElo "2110"]
[BlackElo "2348"]
[PlyCount "74"]
[EventDate "2016.08.03"]
[EventType "swiss"]
[EventRounds "9"]
[EventCountry "AND"]
[SourceTitle "Ajedrez en Madrid"]
[Source "lmi"]
[SourceDate "2016.08.03"]
[SourceVersion "1"]
[SourceVersionDate "2018.03.01"]
[SourceQuality "1"]

1. e4 c5 2. Nf3 e6 3. d4 cxd4 4. Nxd4 a6 5. Nc3 Qc7 6. a3 Nf6 7. Be3 b5 8. Be2
Bb7 9. Bf3 b4 10. axb4 Bxb4 11. O-O Bxc3 12. bxc3 O-O 13. Nb3 Nxe4 14. Bxe4
Bxe4 15. Nc5 Bd5 16. Ra4 d6 17. Rh4 g6 18. Nd3 Qe7 19. Qg4 f5 20. Bg5 Qc7 21.
Qh3 e5 22. Nb4 Bc6 23. Qd3 e4 24. Qd4 Rf7 25. Rd1 a5 26. Nd5 Bxd5 27. Qxd5 Nc6
28. Bf4 a4 29. Bxd6 Qd7 30. c4 a3 31. Rh3 a2 32. Ra3 Rxa3 33. Bxa3 Qxd5 34.
cxd5 Rb7 35. dxc6 Rb1 36. Bc1 a1=Q 37. c7 Qc3 0-1